Kartový biznis

Z obsahu: Pravidlá kartovej hry (bankové karty) sa menia. Slovenská sporiteľňa odišla z kartového združenia ZBK (Združenie pre bankové karty). Združenie pre bankové karty by chcelo zastrešovať aj nebankových vydavateľov kariet. O prípravách na euro a kartových podvodníkoch. Banky chcú aktívnych klie...

Ausführliche Beschreibung

Gespeichert in:
Bibliographische Detailangaben
1. Verfasser: Lichnerová, Tatiana
Format: Buchkapitel
Sprache:Slowakisch
Schlagworte:
Tags: Tag hinzufügen
Keine Tags, Fügen Sie das erste Tag hinzu!

MARC

LEADER 00000naa$a2200000$$$4500
001 0056487
005 20231009073127.2
041 0 |a slo 
044 |a SK 
245 1 0 |a Kartový biznis  |c Tatiana Lichnerová 
520 |a Z obsahu: Pravidlá kartovej hry (bankové karty) sa menia. Slovenská sporiteľňa odišla z kartového združenia ZBK (Združenie pre bankové karty). Združenie pre bankové karty by chcelo zastrešovať aj nebankových vydavateľov kariet. O prípravách na euro a kartových podvodníkoch. Banky chcú aktívnych klientov. Vyššia konkurencia sa na cenách kreditiek zatiaľ neprejavuje. Viac kariet, viac terminálov. 
610 2 0 |a karty platobné 
610 2 0 |a terminály 
610 2 0 |a banky 
610 2 0 |a konkurencia 
610 2 0 |a združenia 
610 2 0 |a podvody 
100 1 |a Lichnerová, Tatiana